Los Dilemas de las PYMES

Bibliographic Details
Main Author: Mendoza Guerra, Jos ̌Mara̕
Format: eBook
Language:Spanish
Published: Bogot:̀ Ediciones de la U, 2018
Subjects:
Online Access:Acceso restringido

MARC

LEADER 00000nam a22000007a 4500
005 20191115122834.0
007 cr|||| ||||
008 191115s2018 co |||||s|||| 00||0 spa d
020 |a 978-958-762-913-2 
035 |a 30669 
040 |a vLex 
090 |c 10035  |d 10035 
100 1 |a Mendoza Guerra, Jos ̌Mara̕ 
245 1 3 |a Los Dilemas de las PYMES  |h [Recurso electrn̤ico] /  |c Jos ̌Mara̕ Mendoza Guerra 
256 |a Servicio en ln̕ea 
260 |a Bogot:̀  |b Ediciones de la U,  |c 2018 
300 |a 1 recurso electrn̤ico 
506 1 |a Disponible solo en los productos indicados  |d vLex Global  |d vLex Global (Academic Edition, excluding Law Schools)  |d vLex Global (U.S. Academic Edition, Law Schools)  |d vLex Global (U.S. Academic Edition, excluding Law Schools)  |d vLex Global (Academic Edition, Law Schools) 
650 0 4 |a Derecho Mercantil y de la Empresa  |z Colombia 
650 0 4 |a Derecho Pb︢lico y Administrativo  |z Colombia 
650 0 4 |a Economa̕ y negocios  |z Colombia 
740 0 |a vLex Libros (Servicio en ln̕ea) 
856 4 0 |u http://vlex.com/source/dilemas-de-las-pymes-30669  |z Acceso restringido 
942 |c BOOK 
999 0 |a Commercial and Business Law 
999 0 |a Public and Administrative Law 
999 0 |a Economy and business